| 000 | 00735nam a22001817a 4500 | ||
|---|---|---|---|
| 003 | BR-ViAPE | ||
| 005 | 20260602122558.0 | ||
| 008 | 260602s1859 por gs|||| 000 0 por d | ||
| 040 | _cBR-ViAPE | ||
| 245 |
_aCathecismo: _bhistórico e político |
||
| 260 |
_aVitória _bTyp. de P. A. d'Azeredo _c1859 |
||
| 300 |
_a12 p. _bDocumento digitalizado (PDF) |
||
| 500 | _aDocumento digitalizado do acervo institucional do Arquivo Público do Estado do Espírito Santo - APEES. | ||
| 650 | _aCatecismo | ||
| 651 | _aEspírito Santo (Brasil) | ||
| 856 |
_uhttps://ape.es.gov.br/Media/ape/PDF/Livros/Livros_Historicos/Obras_raras/seculo_XIX/APEES_OR_cathecismo_hist_1859.pdf _yCLIQUE AQUI PARA ACESSAR O DOCUMENTO |
||
| 942 |
_2ddc _cOBRAS_RARA _n1 |
||
| 999 |
_c754 _d754 |
||